Αναστενάρια το πανηγύρι της Μαυρολεύκης
Περιλαμβάνει περισσότερα από 20 video, περισσότερες από 20 συνεντεύξεις, περισσότερες από 50 φωτογραφίες και ιστορικές αναφορές σχετικά με την πυροβασία και τους βασικούς συντελεστές του πανηγυριού....
Αποθηκεύτηκε σε:
| Συγγραφή απο Οργανισμό/Αρχή: | |
|---|---|
| Μορφή: | Ηλεκτρονική πηγή |
| Γλώσσα: | Greek |
| Δημοσίευση: |
Αθήνα :
Graal A.E.,
2000.
|
| Θέματα: | |
| Ετικέτες: |
Προσθήκη ετικέτας
Δεν υπάρχουν, Καταχωρήστε ετικέτα πρώτοι!
|
MARC
| LEADER | 00000cmm a2200000 a 4500 | ||
|---|---|---|---|
| 001 | 1/116068 | ||
| 008 | 180312s2000####gr | | | gre|| | ||
| 024 | 8 | |a IFPI W501 |c Graal A.E. | |
| 040 | |a GR-MyUa |b gre |c GR-MyUa |e AACR2 | ||
| 041 | 0 | |a gre |e gre | |
| 082 | 7 | |a 306.461 |2 (23) | |
| 245 | 0 | 0 | |a Αναστενάρια |h [αρχείο Η/Υ] : |b το πανηγύρι της Μαυρολεύκης / |c Graal A.E. |
| 260 | |a Αθήνα : |b Graal A.E., |c 2000. | ||
| 300 | |a 1 οπτική δισκέτα λέιζερ ; |c 4 3/4 ίν. + |e 1 ένθετο | ||
| 500 | |a Στο ένθετο περιλαμβάνονται οι συντελεστές και οι πηγές κειμένων. | ||
| 520 | 8 | |a Περιλαμβάνει περισσότερα από 20 video, περισσότερες από 20 συνεντεύξεις, περισσότερες από 50 φωτογραφίες και ιστορικές αναφορές σχετικά με την πυροβασία και τους βασικούς συντελεστές του πανηγυριού. | |
| 538 | |a Pentium Celeron 300 Mhz, 24Mb RAM, 8x CD-ROM Speed, sound card, 4Mb graphics adapter, resolution 800x600 true colour, windows 98-NT. | ||
| 650 | 0 | |a Fire walking |z Greece |z Drama (Nome) | |
| 650 | 0 | |a Spiritual healing |z Greece |z Drama (Nome) | |
| 650 | 0 | |a Folklore |x History |z Greece |z Drama (Nome) | |
| 651 | 0 | |a Drama (Greece : Nome) |x Religion. | |
| 651 | 0 | |a Drama (Greece : Nome) |x Social life and customs. | |
| 710 | 2 | |a Graal A.E. | |
| 852 | |a INST |b RHODES |c AV |e 20180312 |h 306.461 ΑΝΑ |p 005400039883 |q 005400039883 |t CDROM |y 23 | ||
| 970 | |a Κωτάκου |b Μαρία |z 12-03-2018 | ||